Все преподаватели ПИЭ - Statistics

General Stats
  • This quiz has been taken 5 times
  • The average score is 17 of 29
Answer Stats
Курс ФИО преподавателя % Correct
1 Заболотский Владимир Сергеевич
100%
1 Плаксина Ирина Владимировна
100%
1 Цыганова Галина Николаевна
100%
1 Коробецкая Юлия Ивановна
100%
1 Березкина Галина Леонидовна
100%
1 Фадюшин Сергей Геннадиевич
100%
2 Шувалова Елена Ильинична
100%
2 Бушко Дмитрий Алексеевич
100%
2 Елсукова Елена Анатольевна
100%
2 Красюк Людмила Васильевна
100%
3 Бедрина Светлана Львовна
100%
3 Верхотуров Дмитрий Анатольевич
100%
3 Оськин Дмитрий Александрович
100%
1 Федченко Никита Сергеевич
50%
1 Загуменнов Алексей Андреевич
50%
1 Ким Павел Хоиреевич
50%
1 Косенок Максим
50%
1 Дроздова Екатерина Михайловна
50%
2 Селезнева Елена Юрьевна
50%
3 Белик Наталья Владимировна
50%
1 Черныш Ольга Геннадьевна
0%
1 Боровик Ксения Анатольевна
0%
1 Откидыч Елизавета Вадимовна
0%
1 Еременко Виталий
0%
2 Антонова Александра Андреевна
0%
2 Сапунов Антон Евгеньевич
0%
2 Мамарасулов Андрей Равхатович
0%
2 Сороколетова Алена Александровна
0%
3 Степанюк Дарья Павловна
0%
No matching quizzes found
Score Distribution
Percent of People with Each Score
Percentile by Number Answered
Your Score History
You have not taken this quiz